Successfull intersectoral action in health

Saved in:
Bibliographic Details
Main Author: Szczygiel, Nina
Other Authors: Rutkowska-Podołowska, Małgorzata, Popławski, Łukasz
Format: Book Chapter
Language:English
Subjects:
Tags: Add Tag
No Tags, Be the first to tag this record!

MARC

LEADER 00000naa a2200000 4500
001 0151321
005 20220628091250.5
041 0 |a eng 
044 |a SK 
245 1 0 |a Successfull intersectoral action in health  |c Nina Szczygiel, Małgorzata Rutkowska-Podołowska, Łukasz Popławski 
610 2 0 |a zdravotníctvo 
610 2 0 |a plánovanie strategické 
610 2 0 |a akcie 
610 2 0 |a partnerstvo verejno-súkromné 
100 1 |a Szczygiel, Nina 
700 1 |a Rutkowska-Podołowska, Małgorzata 
700 1 |a Popławski, Łukasz